Dánsky model sociálnej politiky

Podstatné prvky modelu sociálnej politiky v Dánsku. Obsah sociálneho sektoru v Dánsku. Štát a vláda. Obce a regióny. Dotácie a systém vyrovnávania. Potreba výdavkov na obyvateľa.

Na minha lista:
Detalhes bibliográficos
Autor principal: Stanek, Vojtech
Formato: Capítulo de Livro
Idioma:eslovaco
Assuntos:
Tags: Adicionar Tag
Sem tags, seja o primeiro a adicionar uma tag!

MARC

LEADER 00000naa a2200000 4500
001 r033770
005 20230807092157.4
041 0 |a slo 
044 |a SK 
245 1 0 |a Dánsky model sociálnej politiky  |c Vojtech Stanek 
520 |a Podstatné prvky modelu sociálnej politiky v Dánsku. Obsah sociálneho sektoru v Dánsku. Štát a vláda. Obce a regióny. Dotácie a systém vyrovnávania. Potreba výdavkov na obyvateľa. 
610 2 0 |a politika sociálna 
610 2 0 |a Dánsko 
610 2 0 |a starostlivosť sociálna 
610 2 0 |a starostlivosť zdravotná 
610 2 0 |a dávky sociálne 
610 2 0 |a dotácie 
610 2 0 |a výdavky obyvateľstva 
100 1 |a Stanek, Vojtech